Historia universal: los pueblos - los hombres - las ideas
Guardado en:
| Autor principal: | |
|---|---|
| Formato: | Libro |
| Lenguaje: | español |
| Publicado: |
Buenos Aires
Sudamericana
1944
|
| Edición: | 2a. ed |
| Materias: | |
| Etiquetas: |
Agregar Etiqueta
Sin Etiquetas, Sea el primero en etiquetar este registro!
|
MARC
| LEADER | 00000nam a2200000 a 4500 | ||
|---|---|---|---|
| 001 | UCP4269 | ||
| 003 | CL-VaPUC | ||
| 008 | 990724e19440000AG |||||||||||||||||spa|d | ||
| 082 | 0 | 4 | |a 909 |b VAL |2 21 |
| 100 | 0 | |a Valentín, Veit |e author |9 431720 | |
| 245 | 1 | 0 | |a Historia universal: los pueblos - los hombres - las ideas |
| 250 | |a 2a. ed | ||
| 300 | |a v | ||
| 942 | |c BK | ||
| 945 | |d 19990724 00:00:00 |a lriquelm | ||
| 260 | |a Buenos Aires |b Sudamericana |c 1944 | ||
| 650 | 0 | |a Historia universal |9 266877 | |
| 583 | |a last modification |c 20160829 11:45:54 |k Rodrigo Vera | ||
| 999 | |c 282272 |d 282270 | ||
| 952 | |0 0 |1 0 |4 0 |6 909_000000000000000_VAL_1944 |7 0 |8 X |9 323887 |a BIBHIS |b BIBHIS |d 2019-11-20 |h v.3 |i 1366009 |o 909 VAL 1944 |p 1366009 |r 2024-01-30 |w 2019-11-20 |y BK_X |k HIS | ||
| 952 | |0 0 |1 0 |4 0 |6 909_000000000000000_VAL_1944 |7 0 |8 X |9 323888 |a BIBHIS |b BIBHIS |d 2019-11-20 |h v.2 |i 1366017 |o 909 VAL 1944 |p 1366017 |r 2024-01-30 |w 2019-11-20 |y BK_X |k HIS | ||